000 00805nam a2200253Ia 4500
005 20220316150612.0
008 210716s2015 xx 000 0 und d
020 _a9789351392149
040 _cAIMIT LIBRARY
041 _aeng
082 _a336.294
_213th
_bRAFM
100 _aRafi, Mohd.
_923650
245 _aIndirect taxes /
_cBy Mohd. Rafi.
250 _a13th ed.
260 _aNew Delhi :
_bBharat Law House Pvt. Ltd ,
_c2015.
300 _a244p. ;
_a736p. ;
_c27.4 cm.
440 _vM1
_aService Tax.
_923755
440 _vM2
_aCentral Excise, Customs & Foreign Trade Policy.
_923920
650 _aIndirect Taxes.
_923651
650 _aService Tax.
_923756
650 _aCentral excise.
_923757
650 _aCustoms Act & Foreign Trade Policy.
_923758
942 _2ddc
_cBK
_e13th
_k336.294 RAFM
999 _c208934
_d208934